Normal view
MARC view
- Moschovakis, Yiannis.N
Entry Personal Name
001 - CONTROL NUMBER
- control field: 62824
003 - CONTROL NUMBER IDENTIFIER
- control field: NUST
005 - DATE AND TIME OF LATEST TRANSACTION
- control field: 20210628203014.0
008 - FIXED-LENGTH DATA ELEMENTS
- fixed length control field: 210628|| aca||aabn | a|a d
040 ## - CATALOGING SOURCE
- Original cataloging agency: NUST
- Transcribing agency: NUST
100 ## - HEADING--PERSONAL NAME
- Personal name: Moschovakis, Yiannis.N
670 ## - SOURCE DATA FOUND
- Source citation: Work cat.: (NUST): Moschovakis, Yiannis.N, Notes on set theory, with 36 iiiustration, 1994
